Pathfinder CDS entrance examination / (Record no. 136282)
[ view plain ]
| 000 -LEADER | |
|---|---|
| fixed length control field | 00747nam a22002297a 4500 |
| 010 ## - LIBRARY OF CONGRESS CONTROL NUMBER | |
| LC control number | B-229323 |
| 020 ## - INTERNATIONAL STANDARD BOOK NUMBER | |
| International Standard Book Number | 978183481595 |
| Terms of availability | 450.00 |
| 035 ## - SYSTEM CONTROL NUMBER | |
| System control number | B-229323 |
| 037 ## - SOURCE OF ACQUISITION | |
| Source of stock number/acquisition | Cen Lib / Ret |
| 040 ## - CATALOGING SOURCE | |
| Original cataloging agency | DPL |
| Language of cataloging | EN |
| 082 ## - DEWEY DECIMAL CLASSIFICATION NUMBER | |
| Classification number | 000 |
| Item number | TRI |
| 100 ## - MAIN ENTRY--PERSONAL NAME | |
| Personal name | Tripathi, Brijesh |
| 9 (RLIN) | 138966 |
| 245 ## - TITLE STATEMENT | |
| Title | Pathfinder CDS entrance examination / |
| Statement of responsibility, etc | by Brijesh Tripathi, Satyajeet Rawat [and] Neetika Goyal |
| 260 ## - PUBLICATION, DISTRIBUTION, ETC. (IMPRINT) | |
| Place of publication, distribution, etc | Meerut |
| Name of publisher, distributor, etc | Sanjeeb Arihant Publications Jain, Sanjeev |
| 270 ## - ADDRESS | |
| Address | Kalindi Transport Nagar |
| City | Meerut |
| 300 ## - PHYSICAL DESCRIPTION | |
| Extent | 174p |
| Dimensions | 27cm(Hb) |
| 650 ## - SUBJECT ADDED ENTRY--TOPICAL TERM | |
| Topical term or geographic name as entry element | CDS entrance examination |
| 9 (RLIN) | 138967 |
| 650 ## - SUBJECT ADDED ENTRY--TOPICAL TERM | |
| Topical term or geographic name as entry element | Entrance exam |
| 9 (RLIN) | 142235 |
| 700 ## - ADDED ENTRY--PERSONAL NAME | |
| Personal name | Rawat, Satyajeet |
| 9 (RLIN) | 138969 |
| 700 ## - ADDED ENTRY--PERSONAL NAME | |
| Personal name | Goyal, Neetika |
| 9 (RLIN) | 138970 |
| 942 ## - ADDED ENTRY ELEMENTS (KOHA) | |
| Source of classification or shelving scheme | Dewey Decimal Classification |
| Koha item type | English Books |
| Classification part | 000 |
| Call number suffix | TRI |
| Withdrawn status | Lost status | Source of classification or shelving scheme | Damaged status | Not for loan | Collection code | Home library | Current library | Shelving location | Date acquired | Source of acquisition | Cost, normal purchase price | Total Checkouts | Total Renewals | Full call number | Barcode | Date last seen | Date checked out | Copy number | Cost, replacement price | Price effective from | Koha item type |
|---|---|---|---|---|---|---|---|---|---|---|---|---|---|---|---|---|---|---|---|---|---|
| Dewey Decimal Classification | Non-fiction | Central Library | Central Library | General Stacks | 18/03/2016 | Cen Lib/Ret | 450.00 | 16 | 10 | 000 TRI | B-229323 | 24/02/2025 | 18/02/2025 | 1 | 450.00 | 18/03/2016 | English Books |
